Cricket Quiz Of England Players - Statistics

General Stats
  • This quiz has been taken 87 times
  • The average score is 7 of 10
Answer Stats
Question Answer % Correct
Who was the best England player James Anderson
97%
Who bats at number 2 Ben Duckett
95%
Who is the England captain Ben Stokes
95%
Who bats at number 1 Zak Crawley
95%
Who bats at number 4 Joe Root
85%
Who is the England keeper Jamie Smith
79%
Who is the fastest bowler for England Mark Wood
67%
Who bats at number 11 Shoaib Bashir
64%
Who opens the bowling for England Chris Woakes
49%
Who is the best spinner for England Joe Root
0%
No matching quizzes found
Score Distribution
Percent of People with Each Score
Percentile by Number Answered
Your Score History
You have not taken this quiz